00880nam a2200193 a 450000100100000000500170001000800410002702000150006804000250008310000480010824500480015626000420020430000200024650000700026695201170033695201050045395201110055899900170066900003784120210409114021.0130307s2012 mx 000 0 spa d a9685146527 aDO-SdBNPbspacBNPHU aGarcía Lorca, Federico,d1898-193691472710aBodas de sangre /cFederico García Lorca. aMéxico :bEdiciones Leyenda,c2012. a89 p. ;c22 cm. aIncluye datos biográficos del autor en la solapa de la cubierta 001054708MOaGRbGRcCTd2013-03-07iLF1l0o p37841-30r2020-06-25te. 3w2020-06-25y4ZPréstamo en sala 001050718MOaPDbPDcCTd2013-03-07iLF1l0o p37841-10r2020-06-25w2020-06-25y1ZNo se presta 001050718MOaPDbPDcCTd2013-03-07iLF1l0o p37841-20r2020-06-25te. 2w2020-06-25y1ZNo se presta c37331d37331